00372nam a2200121Ia 4500008004000000020001800040082001700058100002300075245003700098260006100135300001200196650004200208210210b2001 xxu||||| |||| 00| 0 eng d a81 203 1831 5 a658.403 HONK aHONEYCUTT (Jerry). aKnowledge management strategies. aNew Delhi.bPrentice-Hall of India Private Limitedc2001 axxv,239 aKnowledge Management Strategies MIS